| 000 | 00426nam a2200169 a 4500 | ||
|---|---|---|---|
| 005 | 20140310183205.0 | ||
| 008 | 030424s19uu xx 00 eng d | ||
| 020 | _a0-671-02460-4 | ||
| 050 |
_aPZ 7 _b.C712 1998 |
||
| 100 | _aCollins, Jackie | ||
| 245 |
_aMurder / _cJackie Collins. |
||
| 260 |
_aNew York : _bPocket Books, _c1998. |
||
| 300 |
_a115 p. : _c18 cm. |
||
| 650 | _aFiction | ||
| 942 |
_cBK _2lcc |
||
| 999 |
_c19962 _d19962 |
||